000 00309nam a2200157Ia 4500
100 _aEarnest/Joshua
650 _awind
250 _a3
942 _cBK
366 _f25
245 _aWind Power technology
260 _bprentice hall
_c2019
082 _a621.471
_bEAR
546 _aENGLISH
999 _c26047
_d26047